000 00859nam a2200253Ia 4500
003 OSt
005 20220923220013.0
006 a|||||r|||| 00| 0
007 ta
008 220922b |||||||| |||| 00| 0 hin d
024 _a183,474
037 _cTextual
040 _aARTS
_cARTS
_bhin
041 _2hin
_ahin
082 _aO152,1:gN, N2
100 _aरजनीश, गोविन्द
_9156279
245 0 _aसमकालीन हिन्दी कविता की संवेदना
246 _aSamakālīn hindī kavitā kī sanvedanā
260 _aजयपुर
_b साहित्यागार
_c1992
300 _a142 पृ.
_ccm.
650 _aहिन्दी साहित्य
_9156264
942 _hO152,1:gN, N2
_cTEXL
_2CC
999 _c336810
_d336810